000 01228nam a22003857a 4500
001 BR0805366
003 BR-BrBNA
005 20230928102713.0
007 ta
008 230509b bl.||||| |||| 00| 0 por d
040 _aBR-BrBNA
_bpor
_cBiblioteca Nacional de Agricultura
041 _a(Por)
072 _aL10; Q04
_b5213
090 _ 5213 BR0805366
100 1 _aLima Neto, H.R.
110 1 _aUniversidade Federal de Minas Gerais, Belo Horizonte (Brasil). Escola de Veterinária
_0Tese (Mestre em Zootecnia)
245 1 _aEstimativas de parâmetros genéticos para características de carcaça avaliadas por ultra-sonografia em bovinos da raça Guzerá
260 3 _aBelo Horizonte, MG (Brasil):
_c2007.
300 _a52 p.
500 _aSummaries (Eng, Por); Bibliography p. 49-52; 25 illus.; 18 tables
650 _aGADO GUZERÁ
650 _aRAÇA
650 _aCARCAÇA
650 _aPARÂMETRO GENÉTICO
650 _aPESO
650 _aMELHORAMENTO GENÉTICO ANIMAL
650 _aULTRA-SOM
650 _aCARNE
650 _aQUALIDADE
650 _aESTATÍSTICA DE PRODUÇÃO
650 _aCONSUMO
650 _aMODELO MATEMÁTICO
909 _a202309
_bLucia
_c55
_dLucia Elande
942 _cBK
999 _c72112
_d72112